000
00246nam a22001217a 4500
003
SGT
082
_a
823
_b
ARC
100
_a
ARCHER JEFFERY
245
_a
KANE AND ABEL
260
_a
LONDON
_b
PAN BOOKS
_c
2009
300
_a
544
942
_2
ddc
_c
BK
999
_c
33984
_d
33984